| 000 | 00609nam a2200193 i 4500 | ||
|---|---|---|---|
| 001 | 35700 | ||
| 003 | ES-MaACL | ||
| 005 | 20250813063300.0 | ||
| 007 | t| | ||
| 008 | 030213s1970 sp ||||1| spa d | ||
| 100 | 1 |
_aBrecht, Bertolt, _d1898-1956 _931544 |
|
| 245 | 1 | 3 |
_aLa novela de dos centavos / _cBertolt Brecht ; traducción Jorge C. Lehmann y Guillermo Lorentzen. |
| 260 |
_aBarcelona : _bPlaneta, _c[1970] |
||
| 300 |
_a373 p. ; _c21 cm. |
||
| 700 | 1 |
_aLehmann, Jorge C. _971335 |
|
| 700 | 1 |
_aLorentzen, Guillermo. _974125 |
|
| 852 |
_aES-MaACL _jC-39556 _bR.75676 |
||
| 999 |
_c35700 _d35700 |
||